| 000 | 00606nam a22002297a 4500 | ||
|---|---|---|---|
| 003 | OSt | ||
| 005 | 20140310182209.0 | ||
| 008 | 130905t xxu||||| |||| 00| 0 eng d | ||
| 020 | _a9781851529292 | ||
| 050 |
_aBM 530 _b.G624 1988 |
||
| 082 |
_aHS 398.2 _bG57 1988 |
||
| 100 |
_aGoldstein, David _916672 |
||
| 245 |
_aJewish legends / _cDavid Goldstein. |
||
| 260 |
_aLondon : _bChancellor Press, _cc1988. |
||
| 300 |
_a144 p. : _bill, ; _c28 cm. |
||
| 500 | _aincludes index. | ||
| 541 | _j1 | ||
| 562 | _e1 | ||
| 650 |
_aTales _916015 |
||
| 650 |
_aLegends _911152 |
||
| 942 |
_2lcc _cHS |
||
| 999 |
_c10424 _d10424 |
||